000 00207nam a22000857a 4500
008 160624b xxu||||| |||| 00| 0 eng d
100 _91092
_aCrouch, P
245 _aMegiddo
260 _aFlorida
_b Charisma House
_c2001
999 _c878
_d878